| 000 | 01344nam1a22002771 4500 | ||
|---|---|---|---|
| 001 | rc\3713413 | ||
| 005 | 20130115153028.3 | ||
| 035 | _a(NLR Aleph) 007858887 | ||
| 090 |
_a7795978 _c7795978 |
||
| 100 | _a20130115g1970 |||y0rusy50 ca | ||
| 101 | 0 | _arus | |
| 102 | _aRU | ||
| 105 | _a z ||||| | ||
| 200 | 1 |
_aУстройство и гидромеханика корабля _eУчеб. пособие по курсовому проектированию для мех. специальности заоч. фак. _eЧ. 1- _fМ-во реч. флота РСФСР. Горьк. ин-т инженеров водного транспорта. Кафедра проектирования судов |
|
| 210 |
_aГорький _cБ. и. _d1970- |
||
| 215 | _d22 | ||
| 300 | _aПеред загл. авт.: доц., канд. техн. наук Г.Н. Сиротина, доц., канд. техн. наук А.М. Чижов, А.А. Кеслер | ||
| 606 |
_aСуда речные _jКурсовое проектирование _2psbo |
||
| 700 | 1 |
_aСиротина _bГ. Н. _gГалина Николаевна |
|
| 701 | 1 |
_aЧижов _bА. М. _gАлександр Михайлович |
|
| 701 | 1 |
_aКеслер _bА. А. |
|
| 801 | 0 |
_aRU _bNLR _gpsbo |
|
| 801 | 1 |
_aRU _bELAR _2rusmarc |
|
| 852 |
_aNLR _j70-6/6693 |
||
| 942 | _cBOOK | ||
| 980 | _aNB | ||